Test de Rapidité - Lettre "C" - Statistiques

Statistiques générales
  • Ce quiz a été pris 1 279 fois
  • Le résultat moyen est 94 sur 100
Statistiques - réponses
Lettre "C" % Correct
C
100%
C
100%
C
100%
C
99%
C
99%
C
99%
C
99%
C
99%
C
99%
C
99%
C
99%
C
99%
C
98%
C
98%
C
98%
C
98%
C
98%
C
98%
C
98%
C
98%
C
98%
C
98%
C
98%
C
98%
C
98%
C
98%
C
98%
C
98%
C
98%
C
98%
C
98%
C
98%
C
98%
C
98%
C
97%
C
97%
C
97%
C
97%
C
97%
C
97%
C
97%
C
97%
C
97%
C
96%
C
96%
C
96%
C
96%
C
96%
C
96%
C
96%
C
96%
C
96%
C
96%
C
96%
C
96%
C
96%
C
96%
C
96%
C
96%
C
96%
C
96%
C
96%
C
96%
C
96%
C
96%
C
96%
C
96%
C
95%
C
95%
C
94%
C
94%
C
93%
C
93%
C
93%
C
93%
C
92%
C
92%
C
92%
C
91%
C
91%
C
91%
C
90%
C
90%
C
89%
C
89%
C
88%
C
87%
C
86%
C
86%
C
85%
C
83%
C
83%
C
82%
C
81%
C
79%
C
78%
C
77%
C
76%
C
74%
C
72%
Aucun quiz correspondant
Distribution des résultats
% des personnes avec chaque résultat
Percentile par nombre de réponses
Votre historique - résultats
Vous n’avez pas pris ce quiz